000 00567nam a2200229Ia 4500
003 OSt
005 20220924142138.0
006 a|||||r|||| 00| 0
007 ta
008 220923b |||||||| |||| 00| 0 ben d
024 _a300551
037 _cTextual
040 _aARTS
_cARTS
_bben
041 _2ben
_aben
082 _aV2y7M37, 157M2
100 _aMohd. Owaliullaha
_9212953
245 0 _aJeeban jagaroan
260 _c1982
650 _aHISTORY
942 _hV2y7M37, 157M2
_cTEXL
_2CC
999 _c449439
_d449439